000 00294nam a22001337a 4500
008 170712b xxu||||| |||| 00| 0 eng d
020 _a088908150423
041 _aeng
080 _a038
100 _a23
101 _aFJA
245 _aWEBSTER DICTIONARY & THESAURUS
_cROGET
942 _2udc
_cBK
999 _c20323
_d20323